00394nam a2200169Ia 4500003000400000005001700004008004100021040000700062041000800069082001300077100001700090245005800107260001900165300000900184650001200193700001900205OSt20260131103013.0250729s1963 xx 000 0 und d cAL aeng a320 NICU aNicholas H G aThe united nations:as a political institutuion,2nd ed aNew Yorkc1963 a232p aHistory aNio Digumurthi